000 00629nam a2200169 i 4500
001 183868
003 ES-MaACL
005 20230906222005.0
007 t|
008 141031s1895 sp ||||1| spa d
110 2 _aAsociación de Escritores y Artistas Españoles.
_91585
245 1 0 _aMemoria de los actos y tareas de la Asociación de Escritores y Artistas Españoles durante el año 1894.
260 _aMadrid :
_b[s.n.],
_c1895 (
_fEst. Tip. de la Viuda e Hijos de M. Tello)
300 _a102 p. ;
_c22 cm.
610 2 4 _aAsociación de Escritores y Artistas Españoles-
_vMemorias.
_9144968
852 _aES-MaACL
_jT-805-F-7
999 _c183868
_d183868